How smart are you? - Statistics

General Stats
  • This quiz has been taken 91 times
  • The average score is 8 of 15
Answer Stats
Question Answer % Correct
What is the symbol for gold on the Periodic Table of Elements? Au
90%
What is the capital city of Belgium? Brussels
85%
What is a regular polygon with eight sides called? Octagon
75%
In what city will you find the celebrated Rialto Bridge? Venice
70%
What is the tallest grass in the world? Bamboo
65%
In what country will you find the city of Lima? Peru
65%
Which of these plays did William Shakespeare NOT make? Oedipus Rex
60%
What is the quotient of 2/5 divided by 1/10? 4
55%
Who wrote the literary epic War and Peace? Leo Tolstoy
55%
This river runs through the city of Baghdad in Iraq. Tigris River
50%
Pompeia was married to what Roman emperor? Julius Caesar
45%
On what continent will you find the Atlas Mountains? Africa
40%
This English king was executed during the English Civil War in the year 1649. Who is this English king? Charles I
20%
This actress played Lara in the 1965 film Doctor Zhivago. Julie Christie
20%
One of this artist's most famous sculptures is "The Thinker." Who is this artist? Auguste Rodin
15%
No matching quizzes found
Score Distribution
Percent of People with Each Score
Percentile by Number Answered
Your Score History
You have not taken this quiz